[Event "Koege Lang Sommer Weekend 2020"]
[Site "Koge"]
[Date "2020.07.25"]
[Round "5"]
[White "Thomasson, Staffan"]
[Black "Keinicke, Mads"]
[Result "1-0"]
[WhiteElo "1900"]
[BlackElo "1877"]
[EventDate "2020.07.??"]
[EventType "swiss"]
[EventRounds "7"]
[EventCountry "DEN"]

1. c4 d6 2. g3 e5 3. Bg2 f5 4. Nc3 Nf6 5. e3 Be7 6. Nge2 c6 7. O-O O-O 8. d3
Be6 9. Qa4 Nbd7 10. b4 a6 11. Qb3 Qe8 12. d4 Qh5 13. a4 g5 14. f4 gxf4 15. exf4
e4 16. Re1 Nb6 17. d5 cxd5 18. cxd5 Nbxd5 19. Nd4 Bf7 20. Bb2 Rac8 21. Nxd5
Bxd5 22. Qd1 Qg6 23. Bh3 Ng4 24. Nxf5 Qxf5 25. Bxg4 Qf7 26. Bxc8 Rxc8 27. Qd4
Bf6 28. Qxf6 Qxf6 29. Bxf6 Rc2 30. Rad1 Bc6 31. Re3 1-0

[Event "Koege Lang Sommer Weekend 2020"]
[Site "Koge"]
[Date "2020.07.25"]
[Round "5"]
[White "Haagen Larsen, Hans"]
[Black "Steenstrup, Svend"]
[Result "0-1"]
[WhiteElo "1681"]
[BlackElo "1903"]
[EventDate "2020.07.??"]
[EventType "swiss"]
[EventRounds "7"]
[EventCountry "DEN"]

1. b4 Nf6 2. Bb2 e6 3. b5 a6 4. a4 d5 5. Nf3 c6 6. e3 Bd7 7. Nc3 Bd6 8. Be2 O-O
9. O-O e5 10. bxa6 Nxa6 11. Ba3 Bxa3 12. Rxa3 Qe7 13. Qa1 e4 14. Nd4 Nb4 15.
Qb2 c5 16. Nb3 Ng4 17. d4 Nxc2 18. Nxd5 Qd6 19. Bxg4 Nxa3 20. Bxd7 Qxd5 21.
Nxc5 Nc4 22. Qxb7 Qxb7 23. Nxb7 Rfb8 24. Nc5 Nd2 25. Rd1 Rb2 26. Bc6 Rab8 27.
Bb5 f5 28. h3 Kf7 29. Kh2 Ke7 30. Kg3 g5 31. f3 h5 32. fxe4 h4+ 33. Kh2 fxe4
34. Kh1 Rb6 35. d5 Kd6 36. Rxd2 Rb1+ 37. Kh2 Kxc5 38. g3 Rf6 39. Kg2 Kd6 40.
Bc6 Rff1 41. gxh4 gxh4 42. Ra2 Rg1+ 43. Kh2 Rh1+ 44. Kg2 Rbg1+ 45. Kf2 Rg3 46.
Ra3 Rh2+ 47. Kf1 Rhxh3 48. a5 Rh1+ 49. Kf2 Rh2+ 50. Kf1 h3 51. Bb5 Rh1+ 0-1

[Event "Koege Lang Sommer Weekend 2020"]
[Site "Koge"]
[Date "2020.07.25"]
[Round "5"]
[White "Moller, Arne Vagn"]
[Black "Pawlak, Wojciech Zbignew"]
[Result "1-0"]
[WhiteElo "1893"]
[BlackElo "1617"]
[EventDate "2020.07.??"]
[EventType "swiss"]
[EventRounds "7"]
[EventCountry "DEN"]

1. e4 c5 2. Nf3 d6 3. d4 cxd4 4. Nxd4 Nf6 5. Nc3 a6 6. Be2 e5 7. Nb3 Be6 8. O-O
Be7 9. Be3 Nc6 10. f3 d5 11. Nxd5 Nxd5 12. exd5 Bxd5 13. c3 O-O 14. Qe1 Bxb3
15. axb3 Qc7 16. Qf2 b5 17. b4 f5 18. Rfd1 f4 19. Bc5 Bxc5 20. Qxc5 Qa7 21.
Qxa7 Rxa7 22. Rd6 Rf6 23. Rad1 Rc7 24. R6d5 Kf7 25. Bd3 Ne7 26. Rxe5 Rd6 27.
Bc2 Rxd1+ 28. Bxd1 Rd7 29. Bb3+ Kf8 30. Kf1 Rd2 31. Re2 Rd7 32. g4 fxg3 33.
hxg3 Ra7 34. Re5 Nc6 35. Rc5 Ne7 36. Ke2 Ng6 37. f4 Ne7 38. f5 h5 39. Be6 1-0

[Event "Koege Lang Sommer Weekend 2020"]
[Site "Koge"]
[Date "2020.07.25"]
[Round "5"]
[White "Knudsen, Martin Mosgaard"]
[Black "Refsgaard, Kaj"]
[Result "0-1"]
[WhiteElo "1681"]
[BlackElo "1610"]
[EventDate "2020.07.??"]
[EventType "swiss"]
[EventRounds "7"]
[EventCountry "DEN"]

1. d4 d5 2. Bf4 g6 3. Nc3 Bg7 4. e3 a6 5. Bd3 Nf6 6. Nf3 O-O 7. h3 Nbd7 8. Qd2
c5 9. O-O c4 10. Be2 b5 11. a3 Qb6 12. b4 Qe6 13. a4 Bb7 14. axb5 axb5 15. Nxb5
Ne4 16. Qe1 Qb6 17. Na3 c3 18. Qb1 Ra7 19. Nb5 Rxa1 20. Qxa1 Rc8 21. Qa5 Rc6
22. Bc7 Qxa5 23. Bxa5 Ba6 24. Bd3 Nd6 25. Na7 Bxd3 26. Nxc6 Bxf1 27. Kxf1 Kf8
28. Nfe5 Ke8 29. Ke2 Nb5 30. Kd3 f6 31. Nf3 e6 32. Ng1 e5 33. f3 Kf7 34. Ne2
Ke6 35. Nxc3 Nxc3 36. Kxc3 Kd6 37. Na7 f5 38. Nb5+ Kc6 39. Na3 Nb6 40. Bxb6
Kxb6 41. Kd3 e4+ 42. fxe4 fxe4+ 43. Ke2 Kc6 44. c3 Bf6 45. Kf2 h5 46. Kg3 Bg5
47. Kf2 h4 48. b5+ Kb6 49. Ke2 Be7 50. Nc2 Kxb5 51. Nb4 Bxb4 52. cxb4 Kxb4 53.
Kf2 Kc3 54. Ke2 Kc2 55. Ke1 Kd3 56. Kf2 Kd2 57. g3 hxg3+ 0-1

[Event "Koege Lang Sommer Weekend 2020"]
[Site "Koge"]
[Date "2020.07.25"]
[Round "5"]
[White "Nielsen, Angelo"]
[Black "Andersen, Daniel"]
[Result "1-0"]
[WhiteElo "1717"]
[BlackElo "1747"]
[EventDate "2020.07.??"]
[EventType "swiss"]
[EventRounds "7"]
[EventCountry "DEN"]

1. d4 Nf6 2. Nc3 d5 3. Bg5 Nbd7 4. Nf3 g6 5. e3 Bg7 6. Bd3 O-O 7. e4 dxe4 8.
Nxe4 Nxe4 9. Bxe4 Nf6 10. Bd3 c5 11. dxc5 Qa5+ 12. Qd2 Qxc5 13. O-O Bg4 14. Qe3
Qb4 15. Rab1 Rfe8 16. a3 Qa5 17. Bc4 Qc7 18. Bb3 e5 19. Bh6 Bxf3 20. Bxg7 Kxg7
21. Qxf3 Rad8 22. h3 a6 23. Rbd1 e4 24. Qe2 Qe5 25. Rxd8 Rxd8 26. Qc4 Rd7 27.
c3 Rc7 28. Qe2 Nh5 29. Rd1 Nf4 30. Qe3 Re7 31. Bc4 b5 32. Bf1 f5 33. g3 Ne6 34.
f4 Qc7 35. h4 h6 36. c4 bxc4 37. Qc3+ Kh7 38. Bxc4 Nxf4 39. gxf4 Qxf4 40. Bg8+
Kxg8 41. Rd8+ Kf7 42. Qc4+ Re6 43. Rd7+ Kf6 44. Qc3+ Qe5 45. Qb3 f4 46. Qb4 Kf5
47. Qd2 f3 48. Rd5 e3 49. Qd3+ Kf4 50. Rxe5 Rxe5 51. Qd4+ Kf5 52. Qd7+ Kf4 53.
Qf7+ Kg3 54. Qxg6+ Kh3 55. Qd3 Kg3 56. Qg6+ Kh3 57. Qd3 f2+ 58. Kf1 Kh2 59. Qe2
Re4 60. b4 Kg3 61. h5 Kf4 62. Qxa6 Rd4 63. Qxh6+ Ke4 64. Qg6+ Kf3 65. Qf5+ Kg3
66. Qe5+ 1-0

[Event "Koege Lang Sommer Weekend 2020"]
[Site "Koge"]
[Date "2020.07.25"]
[Round "5"]
[White "Gade, Jens"]
[Black "Olsson, Rasmus"]
[Result "0-1"]
[WhiteElo "1502"]
[BlackElo "1736"]
[EventDate "2020.07.??"]
[EventType "swiss"]
[EventRounds "7"]
[EventCountry "DEN"]

1. d4 Nf6 2. Nc3 d5 3. Nf3 e6 4. e3 c5 5. Be2 Nc6 6. O-O a6 7. a3 Bd6 8. Re1
Qc7 9. h3 h6 10. Kh1 b5 11. dxc5 Bxc5 12. b4 Bd6 13. Bb2 O-O 14. Bf1 Bb7 15.
Qe2 Rac8 16. Rac1 Ne5 17. Nxe5 Bxe5 18. Nd1 Bxb2 19. Nxb2 Qc3 20. Nd3 Nd7 21.
Red1 Rc7 22. Qd2 Rfc8 23. Nc5 Qxd2 24. Rxd2 Nxc5 25. bxc5 Rxc5 26. Bd3 e5 27.
Bf5 R8c7 28. f3 Rc3 29. e4 d4 30. f4 g6 31. Bg4 h5 32. Bd1 Bxe4 33. fxe5 d3 0-1

[Event "Koege Lang Sommer Weekend 2020"]
[Site "Koge"]
[Date "2020.07.25"]
[Round "5"]
[White "Petersen, Daniel"]
[Black "Borg, Flemming"]
[Result "1-0"]
[WhiteElo "1618"]
[BlackElo "1665"]
[EventDate "2020.07.??"]
[EventType "swiss"]
[EventRounds "7"]
[EventCountry "DEN"]

1. d4 Nf6 2. c4 d6 3. Nc3 Nbd7 4. e4 e5 5. Nf3 c6 6. Bg5 Be7 7. Bd3 O-O 8. O-O
Ne8 9. Bxe7 Qxe7 10. Qd2 g6 11. Qh6 f5 12. exf5 gxf5 13. Rae1 e4 14. Ng5 Rf6
15. Qh4 Rg6 16. Ncxe4 Qg7 17. Ng3 Ndf6 18. Ne6 Bxe6 19. Rxe6 Rg4 20. Qh3 f4 21.
Nf5 Qd7 22. Re7 1-0

[Event "Koege Lang Sommer Weekend 2020"]
[Site "Koge"]
[Date "2020.07.25"]
[Round "5"]
[White "Kaergaard, Sissel"]
[Black "Derlich, Christian"]
[Result "1-0"]
[WhiteElo "1638"]
[BlackElo "879"]
[EventDate "2020.07.??"]
[EventType "swiss"]
[EventRounds "7"]
[EventCountry "DEN"]

1. d4 d5 2. Nf3 e6 3. Bf4 Nf6 4. Nbd2 c5 5. c3 Nc6 6. e3 Be7 7. Bb5 O-O 8. O-O
a6 9. Bxc6 bxc6 10. Ne5 Bb7 11. Qb3 Qc8 12. Bg5 Re8 13. dxc5 Bxc5 14. Bxf6 gxf6
15. Ng4 Kf8 16. Nxf6 Rd8 17. Qc2 Ke7 18. Nxh7 Qc7 19. Nf3 Rh8 20. Nhg5 Rag8 21.
h4 f6 22. Nh3 e5 23. e4 Bc8 24. Kh2 f5 25. g3 fxe4 26. b4 Ba7 27. Nfg5 Bxh3 28.
Nxh3 Ke6 29. c4 Qg7 30. Rg1 e3 31. cxd5+ Ke7 32. Qxc6 Rd8 33. Qc7+ Rd7 34. d6+
Ke6 35. Qc4+ Kf6 36. fxe3 Rxd6 37. Raf1+ Ke7 38. Qc7+ Rd7 39. Qc4 Bxe3 40. Rg2
Rdd8 41. Qxa6 Rd7 42. Qc4 Rhd8 43. Re1 Bd4 44. a4 Ke8 45. Nf4 Qg4 46. Qe6+ Qxe6
47. Nxe6 Ra8 48. Nxd4 Rxd4 49. Rxe5+ Kf7 50. Rf2+ Kg6 51. Rg5+ Kh6 52. Rf4 Rd2+
53. Kh3 Rxa4 54. Ra5 Rxa5 55. bxa5 Rd6 56. Ra4 Ra6 57. g4 Kg6 58. Kg3 Kf7 59.
g5 Kg6 60. Kg4 Kg7 61. Kf5 Kf7 62. h5 Kg7 63. g6 Kh6 64. Kg4 Kg7 65. Kg5 Kg8
66. Kh6 Kh8 67. Re4 Ra8 68. a6 Rb8 69. a7 Ra8 70. Rb4 1-0

[Event "Koege Lang Sommer Weekend 2020"]
[Site "Koge"]
[Date "2020.07.25"]
[Round "5"]
[White "Meskenas, Vaidas"]
[Black "Petersen, Erling Hoff"]
[Result "1-0"]
[WhiteElo "1297"]
[BlackElo "1000"]
[EventDate "2020.07.??"]
[EventType "swiss"]
[EventRounds "7"]
[EventCountry "DEN"]

1. e4 e5 2. Nf3 Nc6 3. d4 Nf6 4. Bg5 Be7 5. Nc3 h6 6. Bh4 O-O 7. dxe5 Nh5 8.
Bxe7 Qxe7 9. Nd5 Qd8 10. Bb5 Re8 11. Bxc6 bxc6 12. Nc3 d6 13. exd6 cxd6 14. O-O
Nf6 15. Re1 Bg4 16. h3 Bh5 17. Qd3 Bg6 18. Rad1 d5 19. Qd4 dxe4 20. Qxd8 Raxd8
21. Nd4 Rc8 22. f3 e3 23. g4 c5 24. Ndb5 Re7 25. Nd5 Nxd5 26. Rxd5 a6 27. Na3
e2 28. Kf2 c4 29. c3 Bd3 30. Nb1 f6 31. Nd2 a5 32. Rxa5 Rce8 33. Rd5 Kf7 34.
Rd4 Rc8 35. h4 g5 36. h5 Re5 37. Ne4 Ra5 38. Nd6+ Ke6 39. Nxc8 Rxa2 40. Nd6
Rxb2 41. Nxc4 Rc2 42. Rxd3 1-0

[Event "Koege Lang Sommer Weekend 2020"]
[Site "Koge"]
[Date "2020.07.25"]
[Round "5"]
[White "Brintlev, Isak Babi"]
[Black "Koch Mueller, Jesper"]
[Result "1-0"]
[WhiteElo "1116"]
[BlackElo "1164"]
[EventDate "2020.07.??"]
[EventType "swiss"]
[EventRounds "7"]
[EventCountry "DEN"]

1. e4 e5 2. Nf3 d6 3. Nc3 Nf6 4. Bc4 Qe7 5. O-O Be6 6. Bxe6 Qxe6 7. d3 h6 8.
Nb5 Qd7 9. Nc3 d5 10. Nxe5 Qe6 11. Nf3 Qd7 12. e5 Nh7 13. d4 c6 14. Re1 Qe6 15.
a3 Be7 16. b4 a6 17. Na4 Nd7 18. Nc5 Nxc5 19. bxc5 O-O 20. Rb1 Rab8 21. c3 Bd8
22. Bf4 Re8 23. Qd2 Qf5 24. e6 Rc8 25. exf7+ Kxf7 26. Rxe8 Qxb1+ 27. Re1 Qb3
28. Qc1 Ba5 29. Bd2 Nf6 30. Ne5+ Kg8 31. Ng6 Rc7 32. Nf4 Ne4 33. f3 Nxd2 34.
Qxd2 Bxc3 35. Re8+ Kf7 36. Qe2 Qb1+ 37. Kf2 Bxd4+ 38. Kg3 Bxc5 39. Qe6# 1-0

[Event "Koege Lang Sommer Weekend 2020"]
[Site "Koge"]
[Date "2020.07.25"]
[Round "5"]
[White "Derlich, Sarah Sima"]
[Black "Molvig, Alfred"]
[Result "1-0"]
[WhiteElo "1054"]
[BlackElo "1000"]
[EventDate "2020.07.??"]
[EventType "swiss"]
[EventRounds "7"]
[EventCountry "DEN"]

1. e4 c6 2. d4 d5 3. e5 c5 4. c3 cxd4 5. cxd4 Bf5 6. Nf3 e6 7. Bd3 Bg6 8. Nc3
Bb4 9. Qd2 a6 10. a3 Ba5 11. b4 Bb6 12. Na4 Nc6 13. Bxg6 hxg6 14. Nxb6 Qxb6 15.
Bb2 a5 16. bxa5 Nxa5 17. Bc3 Nb3 18. Qb2 Ne7 19. Nd2 Rb8 20. Qxb3 Qc7 21. Bb4
O-O 22. Bxe7 Qxe7 23. O-O Ra8 24. h3 f5 25. exf6 gxf6 26. Rfb1 Rfb8 27. Qd3 Kf7
28. g4 g5 29. Qh7+ Kf8 30. Qxe7+ Kxe7 31. a4 Ra5 32. Nb3 Ra7 33. a5 b5 34. axb6
Rxa1 35. Nxa1 Kd6 36. Kf1 e5 37. Nc2 exd4 38. Nxd4 Kc5 39. Ne6+ Kc4 40. b7 d4
41. Nc7 Kc3 42. Na6 d3 43. Nxb8 d2 44. Rd1 Kc2 45. Rxd2+ Kxd2 46. Nc6 1-0

[Event "Koege Lang Sommer Weekend 2020"]
[Site "Koge"]
[Date "2020.07.25"]
[Round "5"]
[White "Noori, Yusuf"]
[Black "Li, Anna Sofie"]
[Result "0-1"]
[WhiteElo "1000"]
[BlackElo "1043"]
[EventDate "2020.07.??"]
[EventType "swiss"]
[EventRounds "7"]
[EventCountry "DEN"]

1. d4 d5 2. c4 Nf6 3. Nc3 Bf5 4. Nf3 e6 5. Bf4 Nbd7 6. e3 Bd6 7. Bxd6 cxd6 8.
cxd5 exd5 9. Bb5 O-O 10. O-O a6 11. Bxd7 Bxd7 12. Qb3 b5 13. Nxd5 Ne4 14. Nc3
Ng5 15. Nxg5 Qxg5 16. Qd5 Qg6 17. Qf3 Rac8 18. Nd5 Rfe8 19. Nf4 Qg5 20. Rac1 h6
21. Qh5 Qf6 22. Nd5 Qd8 23. Rxc8 Bxc8 24. Rc1 Bb7 25. Nf4 Qe7 26. Nd5 Qe4 27.
Ra1 0-1

[Event "Koege Lang Sommer Weekend 2020"]
[Site "Koge"]
[Date "2020.07.25"]
[Round "5"]
[White "Skjoldborg, Lasse Dahl"]
[Black "Li, Nikolaj"]
[Result "0-1"]
[WhiteElo "1188"]
[BlackElo "1096"]
[EventDate "2020.07.??"]
[EventType "swiss"]
[EventRounds "7"]
[EventCountry "DEN"]

1. e4 e6 2. Nf3 d5 3. Bd3 Nf6 4. e5 Nfd7 5. c4 dxc4 6. Bxc4 Nc6 7. d4 Be7 8. a3
O-O 9. Qd3 Nb6 10. Nbd2 f6 11. exf6 Bxf6 12. O-O Nxc4 13. Qxc4 Nxd4 14. Rd1
Nxf3+ 15. gxf3 Bg5 16. Kh1 Qd5 17. Qxd5 exd5 18. Kg2 Rf6 19. b4 Rg6 20. Kh1 Bh3
21. Rg1 Re8 22. Nf1 Re1 23. Bb2 Re2 24. Bd4 Bh4 25. Rxg6 hxg6 26. Ng3 Bxg3 27.
fxg3 Bg2+ 28. Kg1 Bxf3 29. Bxa7 Rg2+ 30. Kf1 Rxh2 31. Bg1 Rh1 32. Rc1 c6 33.
Kf2 Bg4 34. Kg2 Rh5 35. a4 Re5 36. Ra1 Re2+ 37. Bf2 Rb2 38. b5 cxb5 39. axb5
Rxb5 40. Ra8+ Kf7 41. Ra4 Bd7 42. Rf4+ Ke6 43. Rg4 Kf5 44. Rf4+ Ke6 45. Rg4 Kf7
46. Rh4 Rb2 47. Rd4 Bc6 48. Kf3 b5 49. Rh4 d4+ 50. Kg4 Rxf2 0-1

[Event "Koege Lang Sommer Weekend 2020"]
[Site "Koge"]
[Date "2020.07.25"]
[Round "5"]
[White "Jensen, William Gronn"]
[Black "Petersen, Pernille Nakskov"]
[Result "1-0"]
[WhiteElo "877"]
[BlackElo "1000"]
[EventDate "2020.07.??"]
[EventType "swiss"]
[EventRounds "7"]
[EventCountry "DEN"]

1. e4 e5 2. Nf3 Nf6 3. Nxe5 Nxe4 4. Qe2 d5 5. d3 Bf5 6. dxe4 Bb4+ 7. c3 Ba5 8.
Qb5+ Nd7 9. exf5 O-O 10. Nxd7 Re8+ 11. Be3 a6 12. Qxd5 Re7 13. Be2 Rxd7 14.
Qxa5 b6 15. Qa3 Qf6 16. O-O Qxf5 17. h3 c5 18. Bg4 Qd5 19. Rd1 Rdd8 20. Rxd5
Rxd5 21. Bf3 Rdd8 22. Bxa8 Rxa8 23. Qb3 Rb8 24. Bxc5 h6 25. Na3 Rc8 26. Qxb6
Kh7 27. Rd1 f6 28. Rd7 Kg6 29. Qb7 Rxc5 30. Rxg7+ Kf5 31. Qf3+ Ke6 32. Qe3+ Kf5
33. Qxc5+ Ke6 34. Re7# 1-0

[Event "Koege Lang Sommer Weekend 2020"]
[Site "Koge"]
[Date "2020.07.26"]
[Round "6"]
[White "Nilsson, Anders"]
[Black "Hoi, Carsten"]
[Result "1/2-1/2"]
[WhiteElo "2227"]
[BlackElo "2335"]
[EventDate "2020.07.??"]
[EventType "swiss"]
[EventRounds "7"]
[EventCountry "DEN"]

1. d4 d6 2. Bf4 g6 3. Nc3 Bg7 4. e4 Nc6 5. Bb5 Bd7 6. Nf3 Nf6 7. Qd2 h6 8. h3
a6 9. Be2 b5 10. a3 g5 11. Bh2 g4 12. hxg4 Nxg4 13. Bg3 e5 14. Bh4 f6 15. dxe5
dxe5 16. Rd1 Ne7 17. Nh2 h5 18. Nd5 Nxd5 19. Qxd5 c6 20. Qd3 Qe7 21. Qg3 Nxh2
22. Qg6+ Kd8 23. Rxh2 Kc7 24. Qg3 Rad8 25. Qc3 Kb7 26. f3 Be6 27. Bf2 Rxd1+ 28.
Bxd1 Bh6 29. Be2 Rd8 30. Bd3 Bf7 31. Bc5 Qc7 32. a4 Bf8 33. Bxf8 Rxf8 34. b3
Qb6 35. Kf1 c5 36. Rh3 Rg8 37. Be2 c4 38. Qb4 Rc8 39. axb5 axb5 40. bxc4 Bxc4
41. Qe1 Qd4 42. Rxh5 Ra8 43. Rh7+ Kb6 44. c3 Bxe2+ 45. Kxe2 Ra2+ 1/2-1/2

[Event "Koege Lang Sommer Weekend 2020"]
[Site "Koge"]
[Date "2020.07.26"]
[Round "6"]
[White "Kistrup, Nicolai"]
[Black "Wahlund, Max"]
[Result "0-1"]
[WhiteElo "2170"]
[BlackElo "2124"]
[EventDate "2020.07.??"]
[EventType "swiss"]
[EventRounds "7"]
[EventCountry "DEN"]

1. d4 d5 2. c4 e5 3. dxe5 d4 4. Nf3 Nc6 5. Nbd2 Nge7 6. Nb3 Nf5 7. e4 dxe3 8.
Qxd8+ Nxd8 9. fxe3 Nc6 10. a3 Be7 11. Bd2 O-O 12. O-O-O Nh4 13. Rg1 Nxf3 14.
gxf3 Nxe5 15. Bc3 f6 16. Be2 Be6 17. Nd4 Bd7 18. f4 Nf7 19. Bg4 Bxg4 20. Rxg4
Nh6 21. Rg2 Kf7 22. b4 Rad8 23. Rdg1 Rg8 24. f5 g6 25. Ne6 Rc8 26. e4 gxf5 27.
Rxg8 Rxg8 28. Rxg8 Kxg8 29. exf5 c6 30. Nd4 c5 31. Nb5 a6 32. Nc7 cxb4 33. axb4
Nxf5 34. c5 Kf7 35. Kd2 Ng7 36. Kd3 f5 37. Nd5 Ne6 38. Nxe7 Kxe7 39. Kc4 Nc7
40. Be5 Kd7 41. h4 Kc6 42. h5 Nd5 43. Bh2 f4 44. Kd4 f3 45. Bg1 Nf4 46. Ke3
Nxh5 47. Kxf3 Nf6 48. Ke3 Kb5 49. Kd4 Kc6 50. Bf2 h5 51. Be1 Nd5 52. Ke4 Ne7
53. Kf4 Kb5 54. Kg5 Nd5 55. Kxh5 Nxb4 56. Kg4 Kxc5 57. Kf3 Kc4 58. Ke2 Kb3 59.
Kd1 a5 60. Bd2 a4 61. Kc1 a3 62. Kb1 a2+ 63. Ka1 Nc2# 0-1

[Event "Koege Lang Sommer Weekend 2020"]
[Site "Koge"]
[Date "2020.07.26"]
[Round "6"]
[White "Svendsen, Mads O"]
[Black "Pedersen, Henrik Dahl"]
[Result "0-1"]
[WhiteElo "1987"]
[BlackElo "2225"]
[EventDate "2020.07.??"]
[EventType "swiss"]
[EventRounds "7"]
[EventCountry "DEN"]

1. e4 d5 2. exd5 Qxd5 3. Nc3 Qa5 4. d4 c6 5. Bc4 Nf6 6. Bd2 Qd8 7. Nf3 Bf5 8.
O-O e6 9. Qe2 Be7 10. Bb3 O-O 11. Rfe1 Bg4 12. Be3 Bb4 13. Bg5 Qa5 14. Bxf6
gxf6 15. Qe3 Nd7 16. h3 Bh5 17. a3 Bxc3 18. bxc3 Rfd8 19. Kh1 Nf8 20. Rg1 c5
21. Bc4 Rac8 22. Bd3 Bg6 23. Bxg6 Nxg6 24. Rab1 cxd4 25. cxd4 b6 26. Rgd1 Rxc2
27. d5 Rc3 28. Qd4 e5 29. Qe4 Qxa3 30. h4 Qc5 31. h5 Rc4 32. Qf5 Rf4 33. Qh3
Nf8 34. g3 Rc4 35. Qf5 Rd6 36. Nh4 Rd4 37. f4 Qxd5+ 38. Kh2 Rxd1 0-1

[Event "Koege Lang Sommer Weekend 2020"]
[Site "Koge"]
[Date "2020.07.26"]
[Round "6"]
[White "Koch Mueller, Oscar"]
[Black "Meskenas, Paulius"]
[Result "1-0"]
[WhiteElo "1939"]
[BlackElo "2027"]
[EventDate "2020.07.??"]
[EventType "swiss"]
[EventRounds "7"]
[EventCountry "DEN"]

1. d4 Nf6 2. c4 g6 3. Nc3 d5 4. cxd5 Nxd5 5. e4 Nxc3 6. bxc3 Bg7 7. Bg5 c5 8.
Rc1 cxd4 9. cxd4 O-O 10. Nf3 Bg4 11. d5 Qd6 12. Be2 Nd7 13. h3 Bxf3 14. Bxf3 f5
15. O-O Nc5 16. Re1 fxe4 17. Bxe4 Rae8 18. Bf3 Rf5 19. Bh4 b6 20. Bg3 Qd8 21.
Rc2 h5 22. Rce2 Bc3 23. Rf1 Kg7 24. Qc2 Bf6 25. Rfe1 Qd7 26. Be5 Kf7 27. Bxf6
Rxf6 28. Bxh5 Qxd5 29. Re5 Qd4 30. Bxg6+ Rxg6 31. Qf5+ Rf6 32. Qh7+ Kf8 33.
Qh8+ Kf7 34. Qh7+ Kf8 35. Qh8+ Kf7 36. Qh7+ Kf8 37. Rg5 Qxf2+ 38. Kh1 Qxe1+ 39.
Kh2 Rg6 40. Qxg6 1-0

[Event "Koege Lang Sommer Weekend 2020"]
[Site "Koge"]
[Date "2020.07.26"]
[Round "6"]
[White "Leonhardsen, Vebjorn Maanum"]
[Black "Andersen, Rune Egede"]
[Result "1-0"]
[WhiteElo "1836"]
[BlackElo "2003"]
[EventDate "2020.07.??"]
[EventType "swiss"]
[EventRounds "7"]
[EventCountry "DEN"]

1. c4 Nf6 2. Nc3 e5 3. Nf3 Nc6 4. g3 Bc5 5. Bg2 d6 6. O-O O-O 7. d3 a6 8. a3
Ba7 9. b4 h6 10. Bb2 Be6 11. e3 Qd7 12. Qc2 Bh3 13. Rfd1 Bxg2 14. Kxg2 Qe6 15.
b5 axb5 16. cxb5 Ne7 17. d4 e4 18. Nd2 d5 19. a4 Rfc8 20. Qb3 Bb6 21. Ba3 Ng6
22. Rdc1 Rd8 23. Bb4 Qg4 24. Qd1 Nh4+ 25. Kh1 Nf3 26. Kg2 Nxd2 27. Qxd2 Qf3+
28. Kg1 Nh7 29. Qe2 Qf5 30. Nb1 Ng5 31. Nd2 Rd7 32. a5 Ba7 33. h4 Nf3+ 34. Kg2
Nxd2 35. Bxd2 Re8 36. a6 bxa6 37. bxa6 Re6 38. Bb4 g5 39. hxg5 hxg5 40. Rh1 g4
41. Rh4 Rg6 42. Bc5 Bxc5 43. dxc5 Qf3+ 44. Kf1 Rd8 45. Qb2 d4 46. a7 Rf6 47.
a8=Q Rxa8 48. Rxa8+ Kg7 49. Qe2 1-0

[Event "Koege Lang Sommer Weekend 2020"]
[Site "Koge"]
[Date "2020.07.26"]
[Round "6"]
[White "Eriksson, Christian Altenburg"]
[Black "Winther Jorgensen, Niclas Alexander"]
[Result "1-0"]
[WhiteElo "2119"]
[BlackElo "1778"]
[EventDate "2020.07.??"]
[EventType "swiss"]
[EventRounds "7"]
[EventCountry "DEN"]

1. e4 e5 2. Nf3 Nf6 3. d4 exd4 4. e5 Nd5 5. Qxd4 Nb6 6. Nc3 Nc6 7. Qe4 Be7 8.
Bf4 d5 9. exd6 cxd6 10. O-O-O Be6 11. Bb5 Rc8 12. Nd4 d5 13. Nxe6 1-0

[Event "Koege Lang Sommer Weekend 2020"]
[Site "Koge"]
[Date "2020.07.26"]
[Round "6"]
[White "Olsson, Rasmus"]
[Black "Gregor, Bjarke"]
[Result "0-1"]
[WhiteElo "1736"]
[BlackElo "2081"]
[EventDate "2020.07.??"]
[EventType "swiss"]
[EventRounds "7"]
[EventCountry "DEN"]

1. e4 c5 2. Nf3 d6 3. c3 Nf6 4. h3 Nc6 5. Bd3 Nh5 6. Bc2 Nf4 7. d4 Nxg2+ 8. Kf1
e5 9. Kxg2 Qf6 10. Bg5 Qg6 11. Kh2 Qh5 12. Kg2 f6 13. Bh4 g5 14. Bg3 Qg6 15.
Nbd2 h5 16. h4 g4 17. Ne1 cxd4 18. Nb3 Bh6 19. cxd4 O-O 20. Qd3 f5 21. exf5
Bxf5 22. Qc4+ Rf7 23. Bxf5 Qxf5 24. d5 Ne7 25. Rd1 Raf8 26. Rf1 Ng6 27. Nd2 Qf6
28. Ne4 Nxh4+ 29. Kh1 Qd8 30. Nxd6 Rc7 31. Qe4 Bf4 32. Nd3 Qxd6 33. Bxh4 Rd7
34. Nxf4 Rxf4 35. Qe3 Rf3 36. Qg5+ Kh8 37. Kg1 e4 38. Rfe1 Rg7 39. Qd8+ Qxd8
40. Bxd8 g3 41. fxg3 Rgxg3+ 42. Kh1 Rh3+ 43. Kg1 Rfg3+ 44. Kf2 e3+ 45. Kf1 Rh1+
46. Ke2 Rh2+ 47. Kf1 Rf2# 0-1

[Event "Koege Lang Sommer Weekend 2020"]
[Site "Koge"]
[Date "2020.07.26"]
[Round "6"]
[White "Molvig, Henrik"]
[Black "Nielsen, Angelo"]
[Result "1-0"]
[WhiteElo "2075"]
[BlackElo "1717"]
[EventDate "2020.07.??"]
[EventType "swiss"]
[EventRounds "7"]
[EventCountry "DEN"]

1. d4 g6 2. c4 Bg7 3. Nf3 d6 4. Nc3 c5 5. d5 e6 6. e4 exd5 7. cxd5 Nd7 8. Be2
Ne5 9. Nd2 Nf6 10. O-O O-O 11. h3 a6 12. f4 Ned7 13. a4 b6 14. Nc4 Ne8 15. Bf3
Rb8 16. Qe2 b5 17. axb5 axb5 18. Na5 Qb6 19. Nc6 Rb7 20. Ne7+ Kh8 21. Nxc8 Qc7
22. Ne7 Nb6 23. Nc6 b4 24. Nd1 1-0

[Event "Koege Lang Sommer Weekend 2020"]
[Site "Koge"]
[Date "2020.07.26"]
[Round "6"]
[White "Petersen, Rasmus"]
[Black "Molvig, Julius"]
[Result "0-1"]
[WhiteElo "1689"]
[BlackElo "1955"]
[EventDate "2020.07.??"]
[EventType "swiss"]
[EventRounds "7"]
[EventCountry "DEN"]

1. d4 Nf6 2. c4 c5 3. d5 b5 4. cxb5 a6 5. b6 Qxb6 6. Nc3 d6 7. e4 g6 8. a4 a5
9. Qc2 Bg7 10. Nf3 Na6 11. Bb5+ Bd7 12. O-O O-O 13. Nd2 Nb4 14. Qb1 Bxb5 15.
Nxb5 Ng4 16. Nc4 Qb7 17. Bf4 Ne5 18. Bxe5 Bxe5 19. Ra3 Bg7 20. h4 h5 21. Qd1
Rfb8 22. f4 Qd7 23. f5 Rxb5 24. axb5 Qxb5 25. fxg6 Qxc4 26. gxf7+ Kf8 27. Rg3
Qd4+ 28. Qxd4 cxd4 29. Rg5 Nd3 30. Rxh5 Ne5 31. Rg5 Nxf7 32. Rgf5 Bf6 33. g4
Nh6 34. Rh5 Kg7 35. g5 Ng4 36. gxf6+ exf6 37. Rc1 Ne3 38. Rc7+ Kg6 39. Rhh7 f5
40. exf5+ Kxf5 41. Rce7 Kf4 42. Rhf7+ Kg3 43. Rg7+ Kf3 44. h5 Rh8 45. Rg5 d3
46. Rg3+ Kxg3 47. Rxe3+ Kf4 48. Rxd3 Rxh5 49. Rd4+ Ke3 50. Ra4 Rxd5 51. b4 axb4
52. Rxb4 Rd1+ 53. Kg2 d5 54. Rb8 d4 55. Re8+ Kd2 56. Kf2 d3 57. Rd8 Rc1 58. Rd7
Rc4 59. Rd8 Kc2 60. Ke3 Rc3 61. Rd7 Rc6 62. Rh7 d2 0-1

[Event "Koege Lang Sommer Weekend 2020"]
[Site "Koge"]
[Date "2020.07.26"]
[Round "6"]
[White "Steenstrup, Svend"]
[Black "Loveid, Erik"]
[Result "0-1"]
[WhiteElo "1903"]
[BlackElo "1844"]
[EventDate "2020.07.??"]
[EventType "swiss"]
[EventRounds "7"]
[EventCountry "DEN"]

1. d4 Nf6 2. c4 e6 3. Nc3 Bb4 4. f3 d5 5. a3 Bxc3+ 6. bxc3 c6 7. e3 O-O 8. Nh3
Nbd7 9. cxd5 exd5 10. Bd3 Re8 11. O-O Nf8 12. Nf4 Ng6 13. Nxg6 hxg6 14. Qc2 c5
15. dxc5 Qc7 16. c4 Qxc5 17. cxd5 Qxd5 18. Bc4 Qc6 19. Qd3 a6 20. Bd2 b5 21.
Ba2 Qb6 22. Qxg6 Be6 23. Qg5 Rad8 24. Bc3 Bxa2 25. Bxf6 Qxf6 26. Qxf6 gxf6 27.
Rxa2 Rxe3 28. Kf2 Rdd3 29. Rfa1 Rb3 30. Kg3 Kg7 31. Kf4 Kg6 32. h4 Rec3 33. h5+
Kg7 34. Kg4 Rc4+ 35. f4 Rcc3 36. Kf5 Rc5+ 37. Ke4 Rbc3 38. Rd2 Rxh5 39. Rd5
Rxd5 40. Kxd5 Rc4 41. f5 Kh6 42. Kd6 Re4 43. Kc5 Kg5 44. Kb6 Ra4 45. g4 Kxg4
46. Rg1+ Kxf5 47. Rf1+ Ke5 48. Re1+ Kd5 49. Rd1+ Kc4 50. Rf1 Rxa3 51. Rxf6 b4
52. Rf4+ Kc3 53. Rxf7 b3 54. Rc7+ Kb2 55. Rh7 Ka2 56. Rh2+ b2 57. Kc5 Ka1 58.
Kb4 Rd3 0-1

[Event "Koege Lang Sommer Weekend 2020"]
[Site "Koge"]
[Date "2020.07.26"]
[Round "6"]
[White "Thomasson, Staffan"]
[Black "Petersen, Daniel"]
[Result "0-1"]
[WhiteElo "1900"]
[BlackElo "1618"]
[EventDate "2020.07.??"]
[EventType "swiss"]
[EventRounds "7"]
[EventCountry "DEN"]

1. c4 Nf6 2. g3 e5 3. Bg2 Bc5 4. Nc3 Nc6 5. e3 d6 6. Na4 Bb6 7. Nxb6 axb6 8.
Ne2 Bf5 9. d3 Nb4 10. e4 Be6 11. a3 O-O 12. O-O h6 13. f4 exf4 14. Bxf4 Nc6 15.
Rc1 Qd7 16. Bxh6 Bg4 17. Be3 Rfe8 18. Qd2 Ne5 19. Nf4 c5 20. h3 Be6 21. Nxe6
Rxe6 22. Bg5 Nh7 23. Be3 Nf6 24. Rf5 b5 25. g4 bxc4 26. g5 Nh7 27. dxc4 Ra4 28.
Qd5 Qc6 29. g6 Rxg6 30. Qxf7+ Nxf7 31. Rc2 Qxe4 0-1